[Event "TUR Cup"]
[Site "Antalya"]
[Date "2019.02.03"]
[Round "11"]
[White "Hereklioglu, Sude"]
[Black "Kurt, Emre"]
[Result "1-0"]
[WhiteElo "1951"]
[BlackElo "1677"]
[PlyCount "109"]
[EventDate "2019.01.27"]
[EventType "swiss"]
[EventRounds "11"]
[EventCountry "TUR"]
[SourceTitle "CBM 188 Extra"]
[Source "ChessBase"]
[SourceDate "2019.02.26"]
[SourceVersion "1"]
[SourceVersionDate "2019.02.26"]
[SourceQuality "1"]

1. d4 d5 2. Nf3 Nf6 3. Bf4 e6 4. e3 c5 5. c3 Nc6 6. Bd3 Bd6 7. Bg3 cxd4 8. exd4 h6 9. Nbd2 Bxg3 10. hxg3 Qd6 11. Qe2 b6 12. Ne5 Nd7 13. f4 Ncxe5 14. fxe5 Qe7 15. Nf3 Bb7 16. g4 Bc6 17. g5 0-0-0 18. gxh6 Rxh6 19. Rxh6 gxh6 20. 0-0-0 Rg8 21. Rh1 Qf8 22. Qd2 Kd8 23. Ne1 Rg5 24. Qf4 Qg7 25. Qh4 f6 26. exf6 Qxf6 27. Qxh6 Qxh6 28. Rxh6 Ke7 29. Rg6 Rxg6 30. Bxg6 Kf6 31. Bh5 e5 32. dxe5+ Nxe5 33. Be2 Ng6 34. Kd2 Ne7 35. Nf3 Bd7 36. Ke3 Bg4 37. Nd4 Bxe2 38. Kxe2 Ke5 39. Ke3 a6 40. g4 Kf6 41. Nf3 Nc6 42. Kf4 Na5 43. g5+ Kg7 44. Ne5 b5 45. Kf5 Nb7 46. Nd3 Nd6+ 47. Kg4 a5 48. Nf4 Nc4 49. b3 Ne3+ 50. Kh5 b4 51. cxb4 axb4 52. g6 Kf6 53. Nd3 Nf5 54. Nxb4 Ne7 55. a4 1-0

[Event "TUR Cup"]
[Site "Antalya"]
[Date "2019.01.29"]
[Round "4"]
[White "Akbas, Umut Ata"]
[Black "Kurt, Emre"]
[Result "1/2-1/2"]
[WhiteElo "1939"]
[BlackElo "1677"]
[PlyCount "81"]
[EventDate "2019.01.27"]
[EventType "swiss"]
[EventRounds "11"]
[EventCountry "TUR"]
[SourceTitle "CBM 188 Extra"]
[Source "ChessBase"]
[SourceDate "2019.02.26"]
[SourceVersion "1"]
[SourceVersionDate "2019.02.26"]
[SourceQuality "1"]

1. e4 e6 2. d4 d5 3. Nc3 dxe4 4. Nxe4 Nd7 5. Nf3 Ngf6 6. Ng3 Be7 7. Bd3 0-0 8. Qe2 c5 9. c3 b6 10. 0-0 Bb7 11. Re1 cxd4 12. cxd4 Re8 13. Bd2 Nf8 14. Bb5 N8d7 15. Ne5 Rf8 16. Nc6 Bxc6 17. Bxc6 Rc8 18. Ba4 Nd5 19. Rac1 N7f6 20. Rxc8 Qxc8 21. Rc1 Qb8 22. Qc4 Rd8 23. h3 h6 24. Bb3 Rd7 25. Re1 Bd6 26. Ne4 Nxe4 27. Rxe4 Rc7 28. Qe2 Nf6 29. Rh4 Bf8 30. d5 exd5 31. Bf4 Bd6 32. Bd2 Re7 33. Qf3 Re4 34. Rxe4 dxe4 35. Qf5 Qd8 36. Qg6 Bh2+ 37. Kxh2 Qxd2 38. Qxf7+ Kh7 39. Kg3 Qg5+ 40. Kh2 Qf4+ 41. Kg1 1/2-1/2